Capitals of Africa North to South - Statistics

General Stats
  • This quiz has been taken 54 times
  • The average score is 31 of 57
Answers on the Map
Answers color-coded by a green-red scale on the quiz's map according to % correct below.
 
Answer Stats
Latitude Answer % Correct
36.7538° N Algiers
100%
30.0444° N Cairo
100%
34.0084° N Rabat
100%
32.8877° N Tripoli
100%
36.8065° N Tunis
100%
18.0735° N Nouakchott
74%
15.3317° N Asmara
70%
14.7167° N Dakar
70%
15.5974° N Khartoum
70%
14.9198° N Praia
70%
12.6392° N Bamako
65%
13.4544° N Banjul
65%
13.5116° N Niamey
65%
9.0563° N Abuja
61%
9.0192° N Addis Ababa
61%
11.8632° N Bissau
61%
9.5091° N Conakry
61%
11.5886° N Djibouti
61%
8.4871° N Freetown
61%
12.1191° N N'Djamena
61%
12.3714° N Ouagadougou
61%
6.4786° N Porto-Novo
61%
6.8163° N Yamoussoukro
61%
5.5593° N Accra
57%
6.1296° N Lome
57%
6.3156° N Monrovia
57%
4.3622° N Bangui
52%
6.3562° N Cotonou
52%
4.8539° N Juba
52%
2.0372° N Mogadishu
52%
3.8617° N Yaoundé
52%
3.4273° S Gitega
48%
0.3152° N Kampala
48%
1.9441° S Kigali
48%
0.4078° N Libreville
48%
1.2921° S Nairobi
48%
0.3376° N São Tomé
48%
4.2744° S Brazzaville
43%
4.3033° S Kinshasa
43%
4.6232° S Victoria
43%
1.589° N Ciudad de la Paz
39%
6.1811° S Dodoma
39%
8.8147° S Luanda
39%
17.8263° S Harare
35%
13.9865° S Lilongwe
35%
15.4155° S Lusaka
35%
11.7061° S Moroni
35%
18.9185° S Antananarivo
30%
29.1129° S Bloemfontein
30%
33.9221° S Cape Town
30%
24.6580° S Gaborone
30%
25.9692° S Maputo
30%
29.3151° S Maseru
30%
26.3264° S Mbabane
30%
20.1609° S Port Louis
30%
25.7566° S Pretoria
30%
22.5649° S Windhoek
30%
No matching quizzes found
Score Distribution
Percent of People with Each Score
Percentile by Number Answered
Your Score History
You have not taken this quiz